000 00582cam a2200181 a 4500
020 _a0803990006 (pbk. : alk. paper)
040 _cDLC
082 0 0 _a306 PIN 1993 A018 Or.
100 1 _aRitzer, George.
245 1 4 _aThe McDonaldization of society :
_ban investigation into the changing character of contemporary social life /
260 _aNewbury Park, Calif. :
_bPine Forge Press,
_cc1993.
300 _axv, 221 p. ;
_c23 cm.
650 0 _aSocial structure
650 0 _aManagement
650 0 _aFast food restaurants
650 0 _aRationalization (Psychology)
942 _cEK
999 _c12335
_d12335